Bionanočastice železa pripravené z rastlinných odpadov z potravinárskych výrob ako efektívny nástroj na degradáciu PCB v kombinácii s baktériami

Uložené v:
Podrobná bibliografia
Hlavný autor: Gavurová, Jana (Autor)
Ďalší autori: Dercová, Katarína (Vedúci práce)
Médium: Rukopis Kniha
Jazyk:Slovak
Vydavateľské údaje: 2025
Predmet:
On-line prístup:http://is.stuba.sk/zp/portal_zp.pl?podrobnosti=183535
Tagy: Pridať tag
Žiadne tagy, Buďte prvý, kto otaguje tento záznam!

MARC

LEADER 00000ntm a22000003a 4500
001 stuzp104254
003 SK-STU
005 20250607210450.0
007 ta
008 150427s2015----xo-----f-mn---000-0-slo-d
040 |a STU  |b slo 
041 0 |a slo 
100 1 |a Gavurová, Jana  |u 044000  |4 aut  |U FCHPT Fakulta chemickej a potravinárskej technológie  |T FCHPT Ústav biotechnológie  |X 110619  |U C4000  |Y 102  |7 110619 
242 0 1 |a Iron bionanoparticles prepared from plant wastes from food production as an effective tool for PCB degradation in combination with bacteria  |y eng 
245 1 0 |a Bionanočastice železa pripravené z rastlinných odpadov z potravinárskych výrob ako efektívny nástroj na degradáciu PCB v kombinácii s baktériami 
260 |c 2025 
650 4 |a bio-nZVI  |2 eng 
650 4 |a nanobioremediation  |2 eng 
650 4 |a green synthesis  |2 eng 
650 4 |a bio-waste  |2 eng 
650 4 |a PCBs  |2 eng 
650 4 |a PCB  |2 slo 
650 4 |a bio-nZVI  |2 slo 
650 4 |a nanobioremediácia  |2 slo 
650 4 |a zelená syntéza  |2 slo 
650 4 |a bioodpad  |2 slo 
700 1 |a Dercová, Katarína  |u 044000  |k Z1  |4 ths  |U FCHPT Fakulta chemickej a potravinárskej technológie  |T FCHPT Ústav biotechnológie  |X 3334  |U C4000  |Y 102  |7 A000003334 
856 4 |u http://is.stuba.sk/zp/portal_zp.pl?podrobnosti=183535